| 000 | 01001nam a2200301 a 4500 | ||
|---|---|---|---|
| 003 | CHAP | ||
| 005 | 20220329143802.0 | ||
| 008 | 110816s2003 us a 00010 spa d | ||
| 010 | _a101847 | ||
| 011 | _a102819 | ||
| 020 | _a0131435094 | ||
| 035 | _a113508 | ||
| 040 | _cCHAP | ||
| 090 | _aCD-370 | ||
| 110 | 2 |
_aNational Instruments Corporation _980360 |
|
| 245 | 1 | 0 |
_aLabVIEW 7 Express [Disco compacto] : _bstudent edition _c/por National Instruments Corporation |
| 260 |
_aNew Jersy : _bPearson/Prentice Hall, _cc2003 |
||
| 300 |
_a1 disco compacto : _bilus. _c4 3/4 plgs. |
||
| 590 |
_aBATCH-UPD _b10 _c20130110 _lUCH01 _h1554 |
||
| 590 |
_aBATCH-UPD _b10 _c20130410 _lUCH01 _h0952 |
||
| 590 |
_aBATCH-UPD _b10 _c20130914 _lUCH01 _h1712 |
||
| 590 |
_aCONVERSION _b10 _c20130109 _lUCH01 _h1356 |
||
| 650 | 1 | 4 |
_aLabVIEW (Programación) _964314 |
| 650 | 1 | 4 |
_aProgramación (Computadoras) _xIngeniería. _992369 |
| 901 | _aBK | ||
| 942 | _cCD | ||
| 949 |
_aCD-370 _bBC _cCD _d33724002300108 _eCD _i113508 _sb |
||
| 999 |
_c101847 _d101847 |
||